[Event "EOBCC 2020"]
[Site "Online"]
[Date "2020.12.18"]
[Round "3.125"]
[White "Mostbauer, Florian"]
[Black "Storme, Isak"]
[Result "1/2-1/2"]
[WhiteElo "2304"]
[BlackElo "2392"]
[PlyCount "141"]
[EventDate "2020.12.18"]
[EventType "tourn"]
[EventCountry "NET"]

1. d4 Nf6 2. Nf3 g6 3. Bg5 Bg7 4. Nbd2 d5 5. e3 O-O 6. Be2 c5 7. c3 Nc6 8. O-O b6 9. h3 Bb7 10. a4 Ne4 11. Nxe4 dxe4 12. Nd2 Qd5 13. Bf4 e5 14. dxe5 Nxe5 15. Bxe5 Bxe5 16. Nc4 Bc7 17. Qxd5 Bxd5 18. Rfd1 Rfd8 19. Rd2 Bc6 20. Rxd8+ Rxd8 21. b3 f5 22. Rd1 Rxd1+ 23. Bxd1 Kf7 24. Be2 Ke6 25. Na3 Be5 26. Bc4+ Bd5 27. Bxd5+ Kxd5 28. c4+ Kc6 29. Kf1 Kb7 30. Ke2 Ka6 31. Nb5 Ka5 32. Nxa7 Bf6 33. Nc6+ Ka6 34. Nb8+ Ka5 35. Kd2 Bg7 36. Kc2 g5 37. Nc6+ Ka6 38. Ne7 f4 39. Nd5 Be5 40. exf4 gxf4 41. Nc3 Bxc3 42. Kxc3 f3 43. gxf3 exf3 44. b4 h6 45. bxc5 bxc5 46. Kd3 Ka5 47. Ke3 Kb4 48. a5 Kxa5 49. Kxf3 Kb4 50. Ke4 Kxc4 51. f4 Kb3 52. f5 c4 53. f6 c3 54. f7 c2 55. f8=Q c1=Q 56. Qb8+ Ka4 57. Qa7+ Kb5 58. Qb7+ Ka5 59. Qd5+ Kb6 60. Qd6+ Kb7 61. Qd5+ Kc7 62. Qe5+ Kd7 63. Qg7+ Ke6 64. Qg4+ Kf6 65. Qf5+ Kg7 66. Qe5+ Kg6 67. Qe6+ Kg5 68. Qe5+ Kg6 69. Qe6+ Kg7 70. Qe7+ Kg6 71. Qe6+ 1/2-1/2

[Event "EOBCC 2020"]
[Site "Online"]
[Date "2020.12.18"]
[Round "3.126"]
[White "Walter, Szymon"]
[Black "Sulashvili, Malkhaz"]
[Result "1-0"]
[WhiteElo "2281"]
[BlackElo "2381"]
[PlyCount "87"]
[EventDate "2020.12.18"]
[EventType "tourn"]
[EventCountry "NET"]

1. e4 c6 2. d4 d5 3. e5 Bf5 4. Nf3 e6 5. Be2 Ne7 6. O-O Nd7 7. Nbd2 Bg6 8. Nb3 Nf5 9. Bd2 Be7 10. a4 O-O 11. a5 b6 12. g4 Nh4 13. Nxh4 Bxh4 14. f4 Be4 15. Bd3 Bxd3 16. cxd3 Be7 17. f5 Bg5 18. Qc1 Bxd2 19. Qxd2 Qh4 20. Qf4 b5 21. Rac1 Rac8 22. Nd2 c5 23. Nf3 Qe7 24. dxc5 exf5 25. gxf5 Rfe8 26. d4 Rc6 27. Kh1 Nf8 28. Rg1 g6 29. Qh6 f6 30. fxg6 hxg6 31. Rxg6+ Nxg6 32. Qxg6+ Kf8 33. Rg1 Qf7 34. Qh6+ Ke7 35. Rg7 Rf8 36. Ng5 Qxg7 37. Qxg7+ Ke8 38. e6 Rxe6 39. Nxe6 Rf7 40. Qg8+ Ke7 41. Nf4 Rf8 42. Nxd5+ Ke8 43. Qe6+ Kd8 44. Qe7+ 1-0

[Event "EOBCC 2020"]
[Site "Online"]
[Date "2020.12.18"]
[Round "3.127"]
[White "Yatzenko, Anton"]
[Black "Muller, Anthony"]
[Result "1-0"]
[WhiteElo "2379"]
[BlackElo "2269"]
[PlyCount "81"]
[EventDate "2020.12.18"]
[EventType "tourn"]
[EventCountry "NET"]

1. d4 d5 2. Nf3 Nf6 3. Bf4 e6 4. e3 Bd6 5. Bg3 O-O 6. Nbd2 Nc6 7. Ne5 Nd7 8. Ndf3 f6 9. Nxc6 bxc6 10. Be2 Qe7 11. O-O e5 12. Rc1 Rb8 13. b3 Ba3 14. Rb1 Kh8 15. c4 Ba6 16. cxd5 Bxe2 17. Qxe2 cxd5 18. Qa6 Bd6 19. Rfd1 e4 20. Bxd6 Qxd6 21. Qxd6 cxd6 22. Nd2 Rfc8 23. Rbc1 Kg8 24. Nb1 Kf7 25. Kf1 Ke7 26. Ke2 Nb6 27. Kd2 Kd7 28. Nc3 a6 29. a4 Ke6 30. Rc2 Rc7 31. Rdc1 Nd7 32. Rb1 Rcb7 33. Rcb2 g5 34. a5 f5 35. b4 Rc8 36. b5 axb5 37. Rxb5 Rxb5 38. Rxb5 Nb8 39. Nxd5 Nc6 40. Nb6 Rb8 41. d5+ 1-0

[Event "EOBCC 2020"]
[Site "Online"]
[Date "2020.12.18"]
[Round "3.128"]
[White "Silich, Yahor"]
[Black "Fedorchuk, Sergey A."]
[Result "0-1"]
[WhiteElo "2330"]
[BlackElo "2616"]
[PlyCount "60"]
[EventDate "2020.12.18"]
[EventType "tourn"]
[EventCountry "NET"]

1. e4 c5 2. Nf3 e6 3. Nc3 a6 4. d4 cxd4 5. Nxd4 Qc7 6. Bd3 Nf6 7. O-O d6 8. a4 Be7 9. f4 O-O 10. Be3 Nc6 11. Nxc6 bxc6 12. g4 Nd7 13. g5 d5 14. Qh5 Bc5 15. Bxc5 Nxc5 16. Rf3 Nxd3 17. cxd3 Qb6+ 18. Kh1 Qxb2 19. Rg1 g6 20. Nd1 Qe2 21. Qg4 dxe4 22. dxe4 Qxe4 23. Nf2 Qd5 24. Qg2 Rb8 25. Ng4 Kg7 26. Qh3 h5 27. gxh6+ Kh8 28. Ne3 Qe4 29. Qg2 c5 30. f5 exf5 0-1

[Event "EOBCC 2020"]
[Site "Online"]
[Date "2020.12.18"]
[Round "3.129"]
[White "Fridman, Daniel"]
[Black "Mustafayev, Farid"]
[Result "0-1"]
[WhiteElo "2601"]
[BlackElo "2334"]
[PlyCount "70"]
[EventDate "2020.12.18"]
[EventType "tourn"]
[EventCountry "NET"]

1. d4 d5 2. Nf3 Nf6 3. c4 dxc4 4. Qa4+ c6 5. Qxc4 Bf5 6. g3 e6 7. Bg2 Nbd7 8. O-O Be7 9. Nbd2 O-O 10. Qb3 Qb6 11. Nc4 Qxb3 12. axb3 Be4 13. Bf4 Nd5 14. Bd6 N7f6 15. Bxe7 Nxe7 16. Nd6 Bxf3 17. Bxf3 b6 18. Rfc1 Nfd5 19. e4 Nb4 20. Nc4 Rfd8 21. Be2 b5 22. Na5 Rxd4 23. Rd1 Rad8 24. Nb7 Rxd1+ 25. Bxd1 Rd2 26. Kf1 Nc8 27. Rb1 Kf8 28. Be2 Rd4 29. Nc5 Ke7 30. f3 e5 31. Kf2 Kd6 32. Rc1 Rd2 33. Nb7+ Kc7 34. Nc5 Rxb2 35. Ke3 Nc2+ 0-1

[Event "EOBCC 2020"]
[Site "Online"]
[Date "2020.12.18"]
[Round "3.130"]
[White "Burkart, Patrick"]
[Black "Hayrapetyan, Hovik"]
[Result "0-1"]
[WhiteElo "2322"]
[BlackElo "2488"]
[PlyCount "66"]
[EventDate "2020.12.18"]
[EventType "tourn"]
[EventCountry "NET"]

1. d4 Nf6 2. c4 e6 3. g3 d5 4. Nf3 dxc4 5. Bg2 Nc6 6. Qa4 Bb4+ 7. Bd2 Nd5 8. Qb5 Bxd2+ 9. Nbxd2 c3 10. bxc3 Nxc3 11. Qb3 Nd5 12. O-O O-O 13. Rfc1 Nb6 14. e3 Qe7 15. Rab1 Rd8 16. Nc4 Bd7 17. Nce5 Nxe5 18. Nxe5 Ba4 19. Qc3 c6 20. Qa5 Bb5 21. Rb4 f6 22. Nf3 Nd5 23. Rb2 Nb6 24. Nd2 Na4 25. Rbb1 b6 26. Qb4 Qxb4 27. Rxb4 Rac8 28. Ne4 a6 29. Rb3 c5 30. Rbc3 Nxc3 31. Rxc3 cxd4 32. exd4 Rxc3 33. Nxc3 Rxd4 0-1

[Event "EOBCC 2020"]
[Site "Online"]
[Date "2020.12.18"]
[Round "3.131"]
[White "Przybylski, Wojciech"]
[Black "Iskusnyh, Sergei"]
[Result "0-1"]
[WhiteElo "2321"]
[BlackElo "2473"]
[PlyCount "140"]
[EventDate "2020.12.18"]
[EventType "tourn"]
[EventCountry "NET"]

1. e4 e6 2. d4 d5 3. Nc3 Nf6 4. Bg5 dxe4 5. Nxe4 Nbd7 6. Qd3 h6 7. Bd2 Nxe4 8. Qxe4 Nf6 9. Qh4 c5 10. Nf3 cxd4 11. Qxd4 Qxd4 12. Nxd4 Bc5 13. Nb3 Bb6 14. Bb5+ Bd7 15. Bxd7+ Kxd7 16. O-O-O Kc6 17. f3 Rad8 18. Bc3 Rd5 19. g3 Rhd8 20. Rxd5 Rxd5 21. Re1 h5 22. Nd2 h4 23. g4 Bc7 24. h3 Bf4 25. Re2 Ne8 26. Kd1 f6 27. Ke1 Nd6 28. a4 a6 29. Nf1 b5 30. Ne3 Bg3+ 31. Kf1 Rc5 32. Bd4 bxa4 33. Bxc5 Kxc5 34. Rd2 Be5 35. Nd1 Nc4 36. Rd8 Nxb2 37. Nxb2 Bxb2 38. Ra8 a3 39. Rxa6 Kd4 40. Ke2 Kc3 41. Kd1 g5 42. Ra7 f5 43. Rc7+ Kd4 44. c3+ Ke3 45. Kc2 Kxf3 46. Rf7 Kf4 47. c4 Bd4 48. Kb3 Bc5 49. Rc7 Bb6 50. Rb7 Bd4 51. Kxa3 fxg4 52. hxg4 h3 53. Rh7 Kg3 54. Kb4 h2 55. c5 Kg2 56. c6 Be5 57. Rh6 h1=Q 58. Rxe6 Qb1+ 59. Kc5 Qc2+ 60. Kd5 Bf4 61. Re4 Qd3+ 62. Rd4 Qxd4+ 63. Kxd4 Kf3 64. Kd3 Kxg4 65. c7 Bxc7 66. Ke2 Kh3 67. Kf1 g4 68. Kg1 g3 69. Kh1 g2+ 70. Kg1 Bb6# 0-1

[Event "EOBCC 2020"]
[Site "Online"]
[Date "2020.12.18"]
[Round "3.132"]
[White "Nikolovski, Nikola"]
[Black "Leszko, Bence"]
[Result "0-1"]
[WhiteElo "2454"]
[BlackElo "2321"]
[PlyCount "132"]
[EventDate "2020.12.18"]
[EventType "tourn"]
[EventCountry "NET"]

1. e4 e6 2. Qe2 b6 3. f4 Bb7 4. Nf3 Be7 5. g3 Nf6 6. d3 d5 7. e5 Nfd7 8. Bg2 c5 9. O-O Nc6 10. c4 dxc4 11. dxc4 Nd4 12. Qf2 Qc7 13. Nc3 a6 14. Be3 Nf5 15. Rad1 O-O-O 16. Bc1 Nb8 17. g4 Nd4 18. Nxd4 Rxd4 19. b3 Rhd8 20. Rxd4 cxd4 21. Ne4 Bc6 22. Rd1 a5 23. Qe2 Na6 24. Nf2 Nc5 25. Bb2 Bxg2 26. Kxg2 Qb7+ 27. Qf3 d3 28. Qxb7+ Kxb7 29. Ba3 d2 30. Kf3 Kc6 31. Ke2 Rd4 32. Bxc5 Bxc5 33. Nd3 g5 34. fxg5 Rxg4 35. Rxd2 Rg2+ 36. Kd1 Rxg5 37. Re2 Bd4 38. Re4 Bc5 39. Re2 b5 40. cxb5+ Kxb5 41. Kc2 Bd4 42. Re4 Rg2+ 43. Kd1 Bc5 44. a4+ Kb6 45. Rf4 Be3 46. Rf3 Rd2+ 47. Ke1 Rxd3 48. Ke2 Rxb3 49. Rxe3 Rxe3+ 50. Kxe3 Kc5 51. Kf4 Kd4 52. Kg5 Kxe5 53. Kh6 f5 54. h4 f4 55. Kxh7 f3 56. h5 f2 57. h6 f1=Q 58. Kg8 Qg2+ 59. Kf7 Qh3 60. Kg7 Qg4+ 61. Kf7 Qh5+ 62. Kg7 Qg5+ 63. Kf7 Qxh6 64. Ke7 Qf4 65. Kd7 Qxa4+ 66. Kc7 Qb4 0-1

[Event "EOBCC 2020"]
[Site "Online"]
[Date "2020.12.18"]
[Round "3.133"]
[White "Vitenberg, Noam Aviv"]
[Black "Polivanov, Anatoliy"]
[Result "1-0"]
[WhiteElo "2320"]
[BlackElo "2452"]
[PlyCount "83"]
[EventDate "2020.12.18"]
[EventType "tourn"]
[EventCountry "NET"]

1. e4 e5 2. Nc3 d6 3. Bc4 Be7 4. Nge2 Nf6 5. O-O O-O 6. f4 Nxe4 7. Nxe4 d5 8. fxe5 dxc4 9. d4 cxd3 10. cxd3 Bg4 11. h3 Bxe2 12. Qxe2 Qd4+ 13. Kh1 Qxe5 14. Bf4 Qd5 15. Bxc7 Nc6 16. Rad1 Rae8 17. Qf3 Kh8 18. Bh2 Nd4 19. Qf2 f5 20. Nc3 Qd7 21. Rde1 Bf6 22. Rxe8 Rxe8 23. Re1 Rf8 24. Be5 h6 25. Bxf6 Rxf6 26. Qf4 Kh7 27. Rf1 b5 28. Qe5 Re6 29. Qc5 Re3 30. Nd5 Rxd3 31. Nf4 Rd2 32. Qf8 Qb7 33. Re1 Rf2 34. Re7 Rf1+ 35. Kh2 Nf3+ 36. gxf3 Rf2+ 37. Kg1 Rf1+ 38. Kxf1 Qxf3+ 39. Ke1 Qg3+ 40. Ke2 Qh2+ 41. Kf3 Qh1+ 42. Ng2 1-0

[Event "EOBCC 2020"]
[Site "Online"]
[Date "2020.12.18"]
[Round "3.134"]
[White "Hirneise, Tobias"]
[Black "Nazaretyan, Tigran"]
[Result "0-1"]
[WhiteElo "2452"]
[BlackElo "2316"]
[PlyCount "144"]
[EventDate "2020.12.18"]
[EventType "tourn"]
[EventCountry "NET"]

1. d4 Nf6 2. c4 d6 3. Nc3 e5 4. Nf3 Nbd7 5. e4 c6 6. Be2 Be7 7. O-O O-O 8. d5 Nc5 9. Qc2 a5 10. Be3 Qc7 11. Nd2 Bd7 12. f3 Rfb8 13. Nb3 Nxb3 14. Qxb3 cxd5 15. cxd5 a4 16. Qb4 Nh5 17. Rfc1 Qd8 18. Bb6 Qf8 19. Nb5 Nf4 20. Bf1 Bxb5 21. Qxb5 a3 22. b4 Rc8 23. Be3 Bg5 24. Kf2 Qd8 25. Qxb7 Rab8 26. Rxc8 Rxc8 27. Bb6 Rc2+ 28. Kg1 Qf8 29. Bf2 h5 30. b5 f5 31. Re1 Rb2 32. b6 Rxa2 33. Qd7 fxe4 34. Rxe4 Rb2 35. Qa4 a2 36. Re1 Kh8 37. b7 Rxb7 38. Qxa2 h4 39. Qa4 Rb2 40. Qe4 Qf7 41. Rd1 g6 42. g3 hxg3 43. hxg3 Nh5 44. Bd3 Kg7 45. Kg2 Nf6 46. Qc4 Qxd5 47. Qxd5 Nxd5 48. Kg1 Be3 49. Bxe3 Nxe3 50. Re1 Nf5 51. Bxf5 gxf5 52. Rd1 Rb6 53. Kf2 Kf6 54. Ke3 Ke6 55. Rh1 Rb3+ 56. Ke2 Kd5 57. Rd1+ Kc5 58. Rc1+ Kb6 59. Kf2 d5 60. Ke2 e4 61. fxe4 fxe4 62. Rg1 d4 63. Kd2 Rb2+ 64. Kc1 Ra2 65. Kb1 Rf2 66. g4 e3 67. Kc1 d3 68. Kd1 Rd2+ 69. Ke1 Ra2 70. Kf1 Ra1+ 71. Kg2 Rxg1+ 72. Kxg1 d2 0-1

[Event "EOBCC 2020"]
[Site "Online"]
[Date "2020.12.18"]
[Round "3.136"]
[White "Matnadze, Ana"]
[Black "Vesselovsky, Serguei"]
[Result "1-0"]
[WhiteElo "2421"]
[BlackElo "2316"]
[PlyCount "73"]
[EventDate "2020.12.18"]
[EventType "tourn"]
[EventCountry "NET"]

1. d4 Nf6 2. c4 e6 3. Nf3 b6 4. g3 Ba6 5. Qc2 c5 6. Bg2 Nc6 7. dxc5 Bxc5 8. O-O Rc8 9. b3 O-O 10. Bb2 d5 11. Ng5 Bd4 12. Rd1 Bxb2 13. Qxb2 Qe7 14. cxd5 Nxd5 15. h4 Ncb4 16. Na3 Nc3 17. Rd2 h6 18. Ne4 Nxe4 19. Bxe4 Rfd8 20. Rad1 Rxd2 21. Qxd2 Nd5 22. Nb1 Nf6 23. Bf3 Qc5 24. Kg2 Bb5 25. b4 Qc7 26. Qd6 Qxd6 27. Rxd6 Rc2 28. Na3 Rxa2 29. Nxb5 Rb2 30. Nxa7 Rxb4 31. Nc8 b5 32. Rb6 Rb2 33. Nd6 b4 34. Rb8+ Kh7 35. h5 b3 36. Nxf7 Rb1 37. Rh8# 1-0

[Event "EOBCC 2020"]
[Site "Online"]
[Date "2020.12.18"]
[Round "3.137"]
[White "Brozyna, Mateusz"]
[Black "Koellner, Ruben Gideon"]
[Result "1-0"]
[WhiteElo "2312"]
[BlackElo "2412"]
[PlyCount "81"]
[EventDate "2020.12.18"]
[EventType "tourn"]
[EventCountry "NET"]

1. Nf3 d6 2. d4 Nf6 3. g3 g6 4. Bg2 Bg7 5. O-O O-O 6. b3 c6 7. Bb2 Nbd7 8. c4 Qc7 9. Nc3 Re8 10. Qd2 e5 11. e3 h5 12. Rfd1 a6 13. Rac1 Qd8 14. dxe5 dxe5 15. Na4 Qe7 16. Qa5 Ne4 17. Nb6 Nxb6 18. Qxb6 Bf5 19. Nh4 Qc5 20. Qxc5 Nxc5 21. Nxf5 gxf5 22. b4 Na4 23. Ba1 Rad8 24. Bh3 f4 25. Bf5 fxe3 26. fxe3 h4 27. gxh4 Bf6 28. h5 Kg7 29. Kf2 Kh6 30. Bg4 Bh4+ 31. Ke2 Rg8 32. h3 f5 33. Rxd8 Bxd8 34. Bxf5 Bf6 35. Bg4 Rd8 36. Rf1 Bg7 37. Rf7 b5 38. cxb5 axb5 39. Rc7 Kh7 40. Bxe5 Rg8 41. Be6 1-0

[Event "EOBCC 2020"]
[Site "Online"]
[Date "2020.12.18"]
[Round "3.139"]
[White "Sargsyan, Anna M."]
[Black "Mamedjarova, Turkan"]
[Result "1-0"]
[WhiteElo "2402"]
[BlackElo "2309"]
[PlyCount "107"]
[EventDate "2020.12.18"]
[EventType "tourn"]
[EventCountry "NET"]

1. d4 d5 2. c4 e6 3. Nf3 Nf6 4. Nc3 c6 5. e3 Nbd7 6. Bd3 Bd6 7. Qc2 dxc4 8. Bxc4 b5 9. Bd3 Bb7 10. e4 e5 11. Bg5 O-O 12. O-O-O exd4 13. Nxd4 Qc7 14. Kb1 Be5 15. Nf5 b4 16. Na4 c5 17. Rhe1 Rfe8 18. f3 Rac8 19. Bc4 h6 20. Bxh6 gxh6 21. Nxh6+ Kg7 22. Nxf7 Nb6 23. Nxb6 axb6 24. Ng5 Qc6 25. g3 b5 26. Bf7 Re7 27. Bd5 Nxd5 28. exd5 Qg6 29. Ne6+ Rxe6 30. dxe6 Qxe6 31. f4 Bd5 32. b3 Bf3 33. Rxe5 Bxd1 34. Rxe6 Bxc2+ 35. Kxc2 Rh8 36. Re2 Kf6 37. Kd3 Rd8+ 38. Ke3 Rd1 39. h4 c4 40. g4 Rd3+ 41. Ke4 Rd1 42. g5+ Kg6 43. f5+ Kh5 44. f6 c3 45. Rc2 Rd2 46. Rc1 Rxa2 47. Rf1 Ra8 48. f7 Rf8 49. Ke5 c2 50. Ke6 Rc8 51. Rc1 Kg6 52. h5+ Kxg5 53. Rxc2 Ra8 54. Rg2+ 1-0

[Event "EOBCC 2020"]
[Site "Online"]
[Date "2020.12.18"]
[Round "3.140"]
[White "Maly, Alexey"]
[Black "Hirneise, Jens"]
[Result "1-0"]
[WhiteElo "2371"]
[BlackElo "2289"]
[PlyCount "57"]
[EventDate "2020.12.18"]
[EventType "tourn"]
[EventCountry "NET"]

1. d4 Nf6 2. c4 g6 3. Nc3 Bg7 4. e4 d6 5. Be2 O-O 6. Nf3 e5 7. O-O exd4 8. Nxd4 Re8 9. f3 Nc6 10. Be3 Nh5 11. Qd2 Nf4 12. Rad1 Bxd4 13. Bxd4 Nxe2+ 14. Nxe2 Nxd4 15. Qxd4 Bd7 16. Nc3 Bc6 17. Rd2 Qg5 18. b4 b5 19. cxb5 Bxb5 20. Nd5 Re6 21. Rc1 Qd8 22. Rxc7 a5 23. Rdc2 axb4 24. Nb6 Qh4 25. Rc8+ Rxc8 26. Rxc8+ Re8 27. g3 Qg5 28. Rxe8+ Bxe8 29. Nd5 1-0

[Event "EOBCC 2020"]
[Site "Online"]
[Date "2020.12.18"]
[Round "3.141"]
[White "Barseghyan, Armen Ar."]
[Black "Sukovic, Andrej"]
[Result "0-1"]
[WhiteElo "2362"]
[BlackElo "2282"]
[PlyCount "66"]
[EventDate "2020.12.18"]
[EventType "tourn"]
[EventCountry "NET"]

1. d4 Nf6 2. Nf3 g6 3. g3 Bg7 4. Bg2 O-O 5. O-O d6 6. Nc3 Nc6 7. d5 Na5 8. Rb1 c5 9. b3 Rb8 10. a4 a6 11. Bb2 b5 12. axb5 axb5 13. Re1 b4 14. Na2 c4 15. bxc4 Nxc4 16. Bd4 Qa5 17. e4 Bg4 18. Nc1 Rfc8 19. Ra1 Qd8 20. Nd3 Na3 21. c3 Nb5 22. Nxb4 Nxd4 23. Qxd4 Nd7 24. Qd1 Bxf3 25. Bxf3 Ne5 26. Re3 Bh6 27. Re1 Rxc3 28. Nc6 Nxf3+ 29. Kh1 Rxc6 30. dxc6 Nxe1 31. Qxe1 Qb6 32. Qc3 Bg7 33. c7 Bxc3 0-1

[Event "EOBCC 2020"]
[Site "Online"]
[Date "2020.12.18"]
[Round "3.142"]
[White "Lukasiewicz, Krzysztof"]
[Black "Polok, Kacper"]
[Result "1-0"]
[WhiteElo "2359"]
[BlackElo "2272"]
[PlyCount "73"]
[EventDate "2020.12.18"]
[EventType "tourn"]
[EventCountry "NET"]

1. d4 e6 2. Bf4 g5 3. Bg3 h5 4. h4 g4 5. Nc3 Bb4 6. Qd2 Nf6 7. f3 Nd5 8. a3 Bxc3 9. bxc3 gxf3 10. gxf3 Rg8 11. Bf2 Qf6 12. Nh3 c5 13. Ng5 Nc6 14. e4 Nf4 15. Be3 Ng6 16. O-O-O d6 17. Kb1 cxd4 18. cxd4 Bd7 19. Ka2 Qe7 20. Rb1 b6 21. Bb5 Rc8 22. c4 Na5 23. Rhc1 Bxb5 24. cxb5 Kd7 25. Qb4 Rgd8 26. Nh7 f6 27. Nxf6+ Qxf6 28. Bg5 Qxf3 29. Bxd8 Kxd8 30. Rxc8+ Kxc8 31. Qxd6 Qe2+ 32. Rb2 Qc4+ 33. Kb1 Qd3+ 34. Ka2 Qc4+ 35. Kb1 Nb3 36. Rc2 Nd2+ 37. Kb2 1-0

[Event "EOBCC 2020"]
[Site "Online"]
[Date "2020.12.18"]
[Round "3.143"]
[White "Lenaerts, Lennert"]
[Black "Papasimakopoulos, Alexandros"]
[Result "1-0"]
[WhiteElo "2357"]
[BlackElo "2251"]
[PlyCount "75"]
[EventDate "2020.12.18"]
[EventType "tourn"]
[EventCountry "NET"]

1. d4 Nf6 2. c4 e6 3. Nc3 Bb4 4. g3 O-O 5. Bg2 c5 6. Nf3 cxd4 7. Nxd4 d5 8. cxd5 Nxd5 9. Qb3 Nc6 10. Nxc6 bxc6 11. O-O Rb8 12. Rd1 Qa5 13. a3 Bd6 14. Qc2 Ba6 15. Bd2 Qc7 16. Rac1 Rfc8 17. e4 Nb6 18. Be1 Nc4 19. Rb1 h6 20. Bf1 Be5 21. Na4 Nxa3 22. bxa3 Bxf1 23. Kxf1 c5 24. Rxb8 Qxb8 25. Qc4 Bd4 26. Bc3 e5 27. Kg2 Qb7 28. Qd5 Qa6 29. Bxd4 cxd4 30. Nc5 Qe2 31. Rc1 Re8 32. Nd7 d3 33. Nxe5 d2 34. Qxf7+ Kh7 35. Qg6+ Kg8 36. Qxe8+ Kh7 37. Qg6+ Kg8 38. Rc8# 1-0

[Event "EOBCC 2020"]
[Site "Online"]
[Date "2020.12.18"]
[Round "3.144"]
[White "Tarasova, Viktoriya"]
[Black "Janaszak, Dawid"]
[Result "1-0"]
[WhiteElo "2226"]
[BlackElo "2348"]
[PlyCount "89"]
[EventDate "2020.12.18"]
[EventType "tourn"]
[EventCountry "NET"]

1. d4 g6 2. c4 Bg7 3. e4 c5 4. d5 d6 5. Nc3 Nf6 6. Bd3 O-O 7. Nge2 e6 8. O-O exd5 9. exd5 Ng4 10. Ng3 Qh4 11. h3 Ne5 12. Nce4 Nxd3 13. Bg5 Qxg5 14. Nxg5 Nxb2 15. Qc2 Na6 16. Rab1 Nb4 17. Qd2 N4d3 18. N5e4 b5 19. cxb5 c4 20. Nxd6 c3 21. Qe2 Bd7 22. Nge4 Bd4 23. Kh1 Kg7 24. a3 h6 25. Rfd1 f5 26. Rxd3 Nxd3 27. Qxd3 Be5 28. Nc5 Rad8 29. Nc4 Bf6 30. d6 f4 31. a4 Bf5 32. Qf1 Bxb1 33. Ne6+ Kg8 34. Qxb1 Kf7 35. Nxd8+ Rxd8 36. Qd3 Re8 37. Qd5+ Kg7 38. Qb7+ Kf8 39. Na3 f3 40. Qxf3 Kg7 41. Kh2 Be5+ 42. g3 Rf8 43. Qe3 Bf6 44. Nc4 Rc8 45. Qd3 1-0

[Event "EOBCC 2020"]
[Site "Online"]
[Date "2020.12.18"]
[Round "3.145"]
[White "Lewicki, Miroslaw"]
[Black "Suder, Jakub"]
[Result "0-1"]
[WhiteElo "2348"]
[BlackElo "2239"]
[PlyCount "52"]
[EventDate "2020.12.18"]
[EventType "tourn"]
[EventCountry "NET"]

1. g3 d5 2. Bg2 e6 3. Nf3 Nf6 4. O-O Be7 5. b3 O-O 6. Bb2 b6 7. d3 Bb7 8. Nbd2 c5 9. Re1 Nc6 10. e4 dxe4 11. dxe4 Qc7 12. Qe2 Rad8 13. a3 Qc8 14. Rad1 Ba6 15. Qe3 Nd4 16. Nxd4 cxd4 17. Bxd4 Qxc2 18. Nb1 e5 19. Rc1 exd4 20. Qf4 Qxb3 21. e5 Nd5 22. Qxd4 Bc5 23. Qg4 Nc7 24. Be4 Bc8 25. Qh4 g6 26. Rc3 Qb2 0-1

[Event "EOBCC 2020"]
[Site "Online"]
[Date "2020.12.18"]
[Round "3.147"]
[White "Fiedorek, Michal"]
[Black "Klenburg, Michael"]
[Result "0-1"]
[WhiteElo "2176"]
[BlackElo "2346"]
[PlyCount "84"]
[EventDate "2020.12.18"]
[EventType "tourn"]
[EventCountry "NET"]

1. e4 d6 2. d4 Nf6 3. Nc3 g6 4. Be3 c6 5. f3 Nbd7 6. Qd2 b5 7. Nge2 Qc7 8. h4 h6 9. Nd1 a6 10. Nf2 Bb7 11. g4 Nb6 12. Ng3 e6 13. O-O-O O-O-O 14. Kb1 Bg7 15. Be2 Nfd7 16. g5 h5 17. Rhf1 c5 18. c3 d5 19. e5 c4 20. f4 a5 21. Nh3 Bf8 22. f5 exf5 23. Nf4 Qc6 24. Bf3 b4 25. Ka1 Na4 26. Bxd5 Qb5 27. Bxb7+ Qxb7 28. e6 Ndb6 29. exf7 Qxf7 30. Qg2 Kb8 31. d5 Bd6 32. Ne6 Rd7 33. Ne4 Be5 34. N4c5 bxc3 35. Nxd7+ Qxd7 36. Bd4 cxb2+ 37. Kb1 Bxd4 38. Rxd4 Qb5 39. Qc2 Rc8 40. Rf3 Nxd5 41. Nf4 Nb4 42. Qf2 c3 0-1

[Event "EOBCC 2020"]
[Site "Online"]
[Date "2020.12.18"]
[Round "3.148"]
[White "Krayz, Alexander"]
[Black "Rudzinska, Michalina"]
[Result "1-0"]
[WhiteElo "2346"]
[BlackElo "2189"]
[PlyCount "69"]
[EventDate "2020.12.18"]
[EventType "tourn"]
[EventCountry "NET"]

1. e4 c5 2. Nf3 e6 3. c3 d5 4. exd5 Qxd5 5. d4 Nf6 6. Be3 cxd4 7. cxd4 Nc6 8. Nc3 Qd6 9. Bc4 Be7 10. O-O O-O 11. Rc1 Nb4 12. Bb3 Bd7 13. Re1 Bc6 14. Ne5 Rfd8 15. Nxc6 bxc6 16. Qe2 Nbd5 17. Bd2 Nf4 18. Qf3 N6d5 19. Ne4 Qc7 20. g3 Ng6 21. h4 Rac8 22. h5 Nf8 23. h6 g6 24. Bxd5 exd5 25. Nf6+ Kh8 26. Bf4 Qb7 27. Be5 Bd6 28. Bxd6 Rxd6 29. Ne8 Re6 30. Rxe6 Nxe6 31. Qf6+ Kg8 32. Nd6 Qxb2 33. Qxf7+ Kh8 34. Re1 Rf8 35. Rxe6 1-0

[Event "EOBCC 2020"]
[Site "Online"]
[Date "2020.12.18"]
[Round "3.149"]
[White "Dylag, Emilia"]
[Black "Shohat, Yotam"]
[Result "0-1"]
[WhiteElo "2082"]
[BlackElo "2346"]
[PlyCount "88"]
[EventDate "2020.12.18"]
[EventType "tourn"]
[EventCountry "NET"]

1. d4 Nf6 2. c4 c5 3. d5 b5 4. cxb5 a6 5. bxa6 g6 6. Nc3 Bg7 7. e4 O-O 8. a7 Rxa7 9. Nf3 d6 10. Bd3 Ba6 11. O-O Qa5 12. Re1 Nbd7 13. Qe2 Rb8 14. Bxa6 Qxa6 15. Qxa6 Rxa6 16. e5 Ng4 17. exd6 exd6 18. Re2 Rab6 19. h3 Nge5 20. Nd2 Rb4 21. a3 Rd4 22. Nde4 Nc4 23. Be3 Rd3 24. Bf4 Rxb2 25. Rxb2 Nxb2 26. Nb5 Nc4 27. Ra2 Rxd5 28. Nexd6 Nxd6 29. Nxd6 g5 30. Bg3 h5 31. Nc4 h4 32. Bc7 Nf6 33. a4 Ne4 34. f3 Nc3 35. Ra1 Ne2+ 36. Kf1 Ng3+ 37. Kf2 Bxa1 38. Ne3 Bd4 39. a5 Rd7 40. Bb6 Nf5 41. a6 Bxe3+ 42. Ke2 Rd2+ 43. Ke1 Ra2 44. a7 Ng3 0-1

[Event "EOBCC 2020"]
[Site "Online"]
[Date "2020.12.18"]
[Round "3.150"]
[White "Spitzl, Vinzent"]
[Black "Goraj, Barbara"]
[Result "1-0"]
[WhiteElo "2346"]
[BlackElo "2078"]
[PlyCount "65"]
[EventDate "2020.12.18"]
[EventType "tourn"]
[EventCountry "NET"]

1. e4 c5 2. Nf3 Nc6 3. d4 cxd4 4. Nxd4 Nf6 5. Nc3 d6 6. Bg5 e6 7. Qd2 a6 8. O-O-O Bd7 9. f3 Be7 10. h4 h6 11. Be3 h5 12. Kb1 Rc8 13. Bd3 Ne5 14. Bg5 Nxd3 15. cxd3 b5 16. Rc1 Qb6 17. Nce2 Rxc1+ 18. Rxc1 O-O 19. g4 hxg4 20. fxg4 Rc8 21. Rg1 e5 22. Nf5 Bxf5 23. gxf5 Kf8 24. Bxf6 Bxf6 25. h5 b4 26. h6 gxh6 27. Qxh6+ Ke7 28. Qd2 a5 29. Rc1 Rg8 30. Qc2 Rg2 31. Qc8 Bg7 32. Rc7+ Kf6 33. Qd8# 1-0

[Event "EOBCC 2020"]
[Site "Online"]
[Date "2020.12.18"]
[Round "3.151"]
[White "Grafl, Florian"]
[Black "Klim, Filip"]
[Result "1-0"]
[WhiteElo "2343"]
[BlackElo "1897"]
[PlyCount "25"]
[EventDate "2020.12.18"]
[EventType "tourn"]
[EventCountry "NET"]

1. e4 e5 2. d4 exd4 3. c3 dxc3 4. Bc4 Nf6 5. Nxc3 Bc5 6. e5 Qe7 7. Qe2 Ng8 8. Nf3 d6 9. Nd5 Qd8 10. exd6+ Be6 11. dxc7 Qd7 12. cxb8=Q+ Rxb8 13. Bb5 1-0

[Event "EOBCC 2020"]
[Site "Online"]
[Date "2020.12.18"]
[Round "3.152"]
[White "Parol, Pola"]
[Black "Gubajdullin, Alexei"]
[Result "0-1"]
[WhiteElo "2069"]
[BlackElo "2343"]
[PlyCount "68"]
[EventDate "2020.12.18"]
[EventType "tourn"]
[EventCountry "NET"]

1. e4 a6 2. d4 b5 3. a4 Bb7 4. Bd3 Nf6 5. f3 c5 6. axb5 axb5 7. Rxa8 Bxa8 8. Bxb5 Qb6 9. Qd3 cxd4 10. Ne2 e5 11. O-O Nc6 12. Bxc6 Bxc6 13. Kh1 Bb5 14. Qd1 Qa6 15. Re1 h5 16. Nd2 h4 17. Nb3 h3 18. g3 d5 19. exd5 Qa8 20. Nexd4 Qxd5 21. Nxb5 Qxb5 22. Be3 Be7 23. Qd2 O-O 24. Rd1 Rd8 25. Qe1 Rc8 26. Rd2 Bb4 27. c3 Bxc3 28. bxc3 Qxb3 29. Rd3 Nd5 30. Bd2 Qb7 31. Qxe5 Qb1+ 32. Qe1 Qxd3 33. Kg1 Qxf3 34. c4 Qg2# 0-1

[Event "EOBCC 2020"]
[Site "Online"]
[Date "2020.12.18"]
[Round "3.153"]
[White "Hertlein, Irena"]
[Black "Mazi, Leon"]
[Result "0-1"]
[WhiteElo "1893"]
[BlackElo "2340"]
[PlyCount "50"]
[EventDate "2020.12.18"]
[EventType "tourn"]
[EventCountry "NET"]

1. d4 Nf6 2. Nf3 g6 3. g3 Bg7 4. Bg2 O-O 5. O-O d6 6. c4 Nbd7 7. Nc3 e5 8. e4 exd4 9. Nxd4 c6 10. h3 Re8 11. Re1 Nc5 12. Bg5 h6 13. Bxf6 Qxf6 14. Nb3 Nd7 15. Kh1 Qxf2 16. Qd3 Ne5 17. Qxd6 Nxc4 18. Qf4 Qxf4 19. gxf4 Nxb2 20. Re3 Nc4 21. Rd3 Be6 22. Rad1 Nb2 23. R1d2 Nxd3 24. Rxd3 Rad8 25. Rxd8 Rxd8 0-1